000
00288nam a22001337a 4500
020
_a
9780131481923
082
_a
627 CHI/WA
100
_a
Chin, David A
245
_a
Water-Resources Engineering
250
_a
Ed.2
260
_a
New Jersey
_b
Pearson
_c
2006
300
_a
962
942
_c
BK
999
_c
13865
_d
13865